00800nam a2200181 i 450000100060000000300090000600500170001500700030003200800410003510000410007624501910011725000620030826000490037030000290041985200320044899900170048095201210049755959ES-MaACL20230906163245.0t|031001s1956 sp ||||1| spa d1 aDíaz González, Joaquín.94429710aDescubrimiento de un grande secreto del arte en el "Juicio Universal" de Miguel Angel b: el perfil colosal de Dante : la imagen inmensa de Cristo muerto / cJoaquín Díaz González. a2ª ed. aum., mejorada y enriquecida con numerosas lám. aBarcelona : b[s.n.], c1956 (fSeix Barral) a142 p., 31 cm ; c31 cm. aES-MaACLjC-11196 bR.39163 c55959d55959 00104070aATENEOMbATENEOMcSPALd2008-01-17eSCl0oC-11196p1058780r2023-02-23 00:00:00w2023-02-23yMONOGRAFIA